| 000 | 01333cam a22003737a 4500 | ||
|---|---|---|---|
| 999 |
_c1164 _d1164 |
||
| 001 | 17877156 | ||
| 003 | OSt | ||
| 005 | 20220804084846.0 | ||
| 008 | 130905s2012 nyu j 000 1 eng d | ||
| 010 | _a 2013363087 | ||
| 020 | _a9781442459915 | ||
| 035 | _a(OCoLC)ocn796931842 | ||
| 040 |
_aYDXCP _cYDXCP _dOPW _dAZT _dDLC _dKH8 |
||
| 042 | _alccopycat | ||
| 082 | 0 | 4 |
_aFIC LE _223 |
| 100 | 1 |
_aLe Guin, Ursula K., _d1929-2018. |
|
| 245 | 1 | 4 |
_aThe tombs of Atuan / _cUrsula K. Le Guin. |
| 250 | _aAtheneum Books for Young Readers hardcover ed. | ||
| 260 |
_aNew York : _bAtheneum Books for Young Readers, _c2012. |
||
| 300 |
_axvi, 187 p. ; _c22 cm. |
||
| 490 | 0 |
_aThe Earthsea cycle ; _vbk. 2 |
|
| 520 | _aArha's isolated existence as high priestess in the tombs of Atuan is jarred by a thief, wizard Ged Sparrowhawk, who seeks a special treasure. | ||
| 521 | 1 | _aAges 12 up. | |
| 521 | 1 | _aAges 12 up. | |
| 586 | _aNewbery honor book. | ||
| 650 | 0 |
_aWomen priests _vJuvenile fiction. |
|
| 650 | 0 |
_aThieves _vJuvenile fiction. |
|
| 650 | 0 |
_aWizards _vJuvenile fiction. |
|
| 650 | 0 |
_aTombs _vJuvenile fiction. |
|
| 655 | 7 |
_aFantasy fiction. _2gsafd |
|
| 906 |
_a7 _bcbc _ccopycat _d2 _encip _f20 _gy-gencatlg |
||
| 942 |
_2ddc _cFIC |
||